Dalit personal narratives : (Record no. 47900)
[ view plain ]
| 000 -LEADER | |
|---|---|
| fixed length control field | 02011nam a22003497a 4500 |
| 005 - DATE AND TIME OF LATEST TRANSACTION | |
| control field | 2010092300390.0 |
| 010 ## - LCCN (DPL NO) | |
| LC control number | ENG-101555 B-430550 B-442737-738 |
| 020 ## - INTERNATIONAL STANDARD BOOK NUMBER | |
| International Standard Book Number | 9788125038634 |
| Terms of availability | 650.00 |
| 035 ## - SYSTEM CONTROL NUMBER | |
| System control number | EN-85088 B-430550 B-442737-738 |
| 037 ## - SOURCE OF ACQUISITION | |
| Source of stock number/acquisition | DBAD/PUB |
| 037 ## - SOURCE OF ACQUISITION | |
| Source of stock number/acquisition | RBC/Ven |
| 082 ## - DEWEY DECIMAL CLASSIFICATION NUMBER | |
| Classification number | 891.4 |
| 100 ## - MAIN ENTRY--PERSONAL NAME | |
| Personal name | Raj Kumar |
| 245 ## - TITLE STATEMENT | |
| Title | Dalit personal narratives : |
| Statement of responsibility, etc | by Raj Kumar |
| Remainder of title | reading caste, nation, and identity / |
| 260 ## - PUBLICATION, DISTRIBUTION, ETC. (IMPRINT) | |
| Place of publication, distribution, etc | New Delhi |
| Name of publisher, distributor, etc | Orient Blackswan |
| Date of publication, distribution, etc | 2010 |
| 270 ## - ADDRESS | |
| Address | 1/24 Asaf Ali Road |
| City | New Delhi |
| Postal code | 110002 |
| 300 ## - PHYSICAL DESCRIPTION | |
| Extent | x,298p. |
| Dimensions | 23cm (Hb) |
| 500 ## - GENERAL NOTE | |
| General note | Includes bibliographical references (p. [262]-288) and index. |
| 520 ## - SUMMARY, ETC. | |
| Summary, etc | In Indian context. |
| 650 ## - SUBJECT ADDED ENTRY--TOPICAL TERM | |
| Topical term or geographic name as entry element | Indic prose literature |
| General subdivision | History and criticism. |
| Chronological subdivision | 20th century |
| 650 ## - SUBJECT ADDED ENTRY--TOPICAL TERM | |
| Topical term or geographic name as entry element | Indic prose literature |
| General subdivision | Dalit authors |
| -- | Biography. |
| 650 ## - SUBJECT ADDED ENTRY--TOPICAL TERM | |
| Topical term or geographic name as entry element | Autobiography |
| General subdivision | Dalit authors |
| -- | History and criticism. |
| 650 ## - SUBJECT ADDED ENTRY--TOPICAL TERM | |
| Topical term or geographic name as entry element | Dalits |
| General subdivision | Biography |
| -- | History and criticism. |
| Geographic subdivision | India |
| 700 ## - ADDED ENTRY--PERSONAL NAME | |
| 9 (RLIN) | 21394 |
| 942 ## - ADDED ENTRY ELEMENTS (KOHA) | |
| Source of classification or shelving scheme | Dewey Decimal Classification |
| Item type | English Books |
| Call number suffix | RAJ |
| Classification part | 891.4 |
| Withdrawn status | Lost status | Not for loan | Collection code | Home library | Current library | Date acquired | Source of acquisition | Cost, normal purchase price | Full call number | Barcode | Copy number | Cost, replacement price | Koha item type |
|---|---|---|---|---|---|---|---|---|---|---|---|---|---|
| Non-fiction | Central Library | Central Library | 27/05/2011 | RBC-22612/2010-11/26-03-11/76/04-03-11/31-03-11 | 650.00 | 891.4 RAJ | B-430550 | 2 | 650.00 | English Books | |||
| Non-fiction | Central Library | Central Library | 29/08/2011 | RBC-25814/2010-11/12.7.11/76/04-03-11/18.7.11 | 650.00 | 891.4 RAJ | B-442737 | 2 | 650.00 | English Books | |||
| Not For Loan | Non-fiction | D.B.Act.Division | D.B.Act.Division | 28/09/2010 | DBAD/PUB | 650.00 | 891.4 RAJ | EN-85088 | 1 | 650.00 | English Books | ||
| Non-fiction | Shahdara Branch | Shahdara Branch | 29/08/2011 | RBC-25814/2010-11/12.7.11/76/04-03-11/18.7.11 | 650.00 | 891.4 RAJ | B-442738 | 1 | 650.00 | English Books |
